| 000 | 00000nam##2200000za#4500 |
| 001 | 9.602072 |
| 003 | CaOODSP |
| 005 | 20210624210403 |
| 007 | cr ||||||||||| |
| 008 | 150406|1996||||xxc|||||o f|0| 0 fre|d |
| 040 | |aCaOODSP|bfre |
| 043 | |an-cn--- |
| 086 | 1 |aJS5-1/14-1996F-PDF |
| 110 | 1 |aCanada. |bSolliciteur général Canada. |
| 245 | 10|aLes services correctionnels pour autochtones au Canada / |h[ressource électronique]|cpar Carol LaPrairie, avec l'aide à la recherche de Phil Mun, Bruno Steinke, de concert avec Ed Buller, Sharon McCue. |
| 260 | |bSolliciteur général Canada |c[1996]. |
| 300 | |a234p.|bgraphiques, références, tableaux |
| 490 | 1 |aCollection sur les Autochtones|vCA 14 APC (1996) |
| 590 | |a11-23-Supp|b2011-10-17 |
| 720 | 1 |aLaPrairie, Carol |
| 775 | 08|tExamining Aboriginal corrections in Canada / |w(CaOODSP)9.571474 |
| 830 | #0|aCollection sur les autochtones ;|vCA 14 APC (1996)|w(CaOODSP)9.501991 |
| 856 | 40|ahttp://publications.gc.ca|qPDF|s1.44 Mo|uhttps://publications.gc.ca/collections/collection_2011/sp-ps/JS5-1-14-1996-fra.pdf|yCA 14 APC (1996) |